00593nam a22001577a 4500008004100000020001500041050002200056245009400078260003600172300002200208440002500230800002800255942001200283999001600295952012400311140819b xxu||||| |||| 00| 0 eng d a0406096015 aKD279.4.L39(1978) aThe Law Reports(1978): Family Division. /cedited by C.J. Ellis and assisted by A.H. Bray aLondon:bBerforts group,c1978. avii, 211p.c24cm. pFamily Division 1978 aEllis, C.J.aBray, A.H. 2lcccBK c3484d10984 00102lcc4070aWIUC-1bWIUC-1cLLd2014-08-19l0oKD279.4.L39(1978)p1355/344/14r2014-08-19 00:00:00w2014-08-19yBK